000 00559nam a2200205Ia 4500
005 20250508170232.0
008 008 250505s9999 xx 000 0 eng d
020 _a978-1-5443-7945-6
037 _aTextBook
040 _aFEDL
_beng
_cFEDL
041 _aeng
_2eng
084 _a323.4, TAL/R
_qFEDL
100 _aTalla Mrunalini
_9783563
245 0 _aTeacher and child rights
260 _aNew Delhi, India
_bShipra Publicaitons
_c2019
300 _a155p.
365 _aINR
_b900
942 _cTB
_h323.4, TAL/R
999 _c1399960
_d1399960